Central Library OPAC University of Rajshahi

The electromagnetic field / (Record no. 9097)

MARC details
000 -LEADER
fixed length control field 00898cam a22002771 4500
001 - CONTROL NUMBER
control field 9097
003 - CONTROL NUMBER IDENTIFIER
rucl marc code BD-RjUL
005 - DATE AND TIME OF LATEST TRANSACTION
control field 20211208234721.0
008 - FIXED-LENGTH DATA ELEMENTS--GENERAL INFORMATION
fixed length control field 140120s1929 ilua 000 0 eng
035 ## - SYSTEM CONTROL NUMBER
System control number (BD-RjUL) 9142
System control number (OCoLC)3506291
040 ## - CATALOGING SOURCE
Original cataloging agency DLC
Transcribing agency CCC
Modifying agency CCC
-- BD-RjUL
Language of cataloging eng
041 ## - LANGUAGE CODE
Language code of text/sound track or separate title eng
082 ## - DEWEY DECIMAL CLASSIFICATION NUMBER
Classification number 537.12
Author mark and year MAE 1929
100 1# - MAIN ENTRY--PERSONAL NAME
Personal name Mason, Max,
Dates associated with a name 1877-
9 (RLIN) 28240
245 14 - TITLE STATEMENT
Title The electromagnetic field /
Statement of responsibility, etc. [by] Max Mason and Warren Weaver
260 ## - PUBLICATION, DISTRIBUTION, ETC. (IMPRINT)
Place of publication, distribution, etc. Chicago, Ill. :
Name of publisher, distributor, etc. The University of Chicago Press,
Date of publication, distribution, etc. [1929]
300 ## - PHYSICAL DESCRIPTION
Pagination xiii, 389, [1] p. :
Illustrations illus., diagrs. ;
Size 23 cm.
500 ## - GENERAL NOTE
General note Without thesis note.
502 ## - DISSERTATION NOTE
Dissertation note Warren Weaver's thesis (PH. D.)--University of Wisconsin, 1922.
650 #0 - SUBJECT ADDED ENTRY--TOPICAL TERM
Topical term or geographic name as entry element Electromagnetic theory.
9 (RLIN) 26902
700 1# - ADDED ENTRY--PERSONAL NAME
Personal name Weaver, Warren,
Dates associated with a name 1894-1978,
Relator term joint author.
942 ## - ADDED ENTRY ELEMENTS (KOHA)
Source of classification or shelving scheme Dewey Decimal Classification
Koha item type Books
Holdings
Lost status Source of classification or shelving scheme Damaged status Not for loan Collection code Permanent Location Current Location Shelving location Date acquired Source of acquisition Cost, normal purchase price Total Checkouts Full call number Date last seen Copy number Koha item type
  Dewey Decimal Classification     Non-fiction Central Library, University of Rajshahi Central Library, University of Rajshahi   13/11/1965 Zeitlinger 16.00   537.12 MAE 1929 20/01/2014 C-2 Books
  Dewey Decimal Classification   Not For Loan Non-fiction Central Library, University of Rajshahi Central Library, University of Rajshahi Reading Room 01/09/2022 Zeitlinger 16.00   537.12 MAE 1929 01/09/2022 C-1 Books